000 00724nam a2200181 u 4500
001 000235867
003 AM-YeHGA
005 20250618071606.0
008 030617s1948 ai r 000 0 arm d
040 _aAM-YeHGA
100 1 _aԾատուրյան, Ալեքսանդր Հովսեփի,
_d1865-1917
_91663
245 1 0 _aԵրկեր :
_b[ժողովածու] /
_cԱլ. Ծատուրյան; Կազմ. և խմբ.՝ Հ. Մկրտչյան.
260 _aԵրևան :
_bՀայպետհրատ,
_c1948.
300 _a617 էջ :
_bնկ. ;
_c1948.
650 1 4 _aՀայ գրականություն
_xԵրկեր
700 1 _aՄկրտչյան, Հարություն Գաբրիելի,
_d1903-1992
_eկազմ.
_4com
_eխմբ.
_4edt
_91865
090 _c84644
999 _c83369
_d83369